Malaysia information technology Q4 2009 : includes 5-year industry forecacts by BMI.

Bibliographic Details
Format: Book
Published: London: Business Monitor International, 2009.
Series:Part of BMI's industry report & forecasts series
Subjects:
LEADER 00583cam a2200169 7i4500
001 0000025199
005 20101206090000.0
022 0 0 |a 1750-5097 
090 0 0 |a M 004.6   |b MAL 
245 0 0 |a Malaysia information technology Q4 2009 :   |b includes 5-year industry forecacts by BMI. 
260 0 0 |a London:   |b Business Monitor International,   |c 2009. 
300 # # |a 57 p. 
440 0 0 |a Part of BMI's industry report & forecasts series 
650 0 0 |a Information technology --   |z Malaysia  
650 0 0 |a Internet --   |z Malaysia  
651 0 0 |a Malaysia  
999 |a 0000026773  |b Book  |c Countries  |e Business Information Centre